000 00774nam a2200217 a 4500
001 BRCA_3536
005 20190320204326.0
008 290709s1927----mx-a---###---#000-0#spa-#
041 _aspa
044 _amx
050 4 _aF1231.C3
_b.N86 1927
100 1 _aNuñez y Dominguez, José de Jesús
_d1887-1959
_99176
245 1 0 _aUn virrey limeño en México
_bDon Juan de Acuña, Marques de Casa Fuerte
_cJosé de J. Nuñez y Dominguez.
260 _aMéxico
_bTalleres Gráficos del Museo Nacional de Arqueología, Historia y Etnografía
_c1927
300 _a416 p.
_bil.
_c23 cm.
500 _aB203
600 1 4 _aCasa Fuerte, Juan de Acuña y Bejarano, Marques de
_99177
651 4 _aMéxico
_xHistoria
_yPeriodo colonial, 1540-1810
_94206
902 _aGFM
942 _2lcc
_cB
999 _c3271
_d3271